Chcú byť ešte lepší Ako sa hospodári s pracovným časom

Bibliographic Details
Main Author: Obžerová, Emília (Author)
Format: Article
Language:Slovak
Subjects:

MARC

LEADER 00000nab a2200000 a 4500
001 vtls000078503
003 SK-MaSNL
005 20260303031727.0
008 111103c1981 xo 0 slo
015 |a SNBRB19rr/mm-uuuuu 
035 |a CL0088604 
040 |a SNKBUCL  |b slo  |c SNKBUCL  |e AACR2 
041 0 |a slo 
044 |a xo  |c SK 
080 |a 331.81  |2 1981 
080 |a 331  |2 1981 
080 |a 687  |2 1981 
100 1 |a Obžerová, Emília  |4 aut  |9 1002925 
245 1 0 |a Chcú byť ešte lepší  |b Ako sa hospodári s pracovným časom  |c Emília Obžerová 
610 2 7 |a Odevné závody (Trenčín, Slovensko)  |2 snkbucl  |9 196114 
650 0 7 |a pracovný čas  |2 snkbucl  |9 2339 
650 0 7 |a práca  |2 snkbucl  |9 2337 
651 7 |a 5210  |2 snkbucl  |9 276500 
655 7 |a články z novín a časopisov  |2 snkbucl  |9 267496 
773 0 |t Pravda  |g Roč. 62, č. 29 (4. 2. 1981), s. 5 
850 |a Slovenská národná knižnica v Martine  |a MTA001 
852 |a SNK  |b KIS3GCP 
958 |a RK 
992 |a RBX 
999 |c 1659882  |d 1661812